00273nam a2200109Ia 4500008004100000041000800041082002500049100002000074245003600094260002400130300000900154230411s9999 xx 000 0 und d aeng aS/617.917/JAY/B03579 aJayalakshmi T S aOperation Room Assistant Manual bPeepeeaDelhic2006 a112p